IFM Opac

Problem of the world economy (Record no. 14318)

MARC details
000 -LEADER
fixed length control field 00352nam a22001457a 4500
082 ## - DEWEY DECIMAL CLASSIFICATION NUMBER
Classification number 330BAI
100 ## - MAIN ENTRY--PERSONAL NAME
Personal name Bailey, Richard
245 ## - TITLE STATEMENT
Title Problem of the world economy
260 ## - PUBLICATION, DISTRIBUTION, ETC.
Place of publication, distribution, etc. London
Name of publisher, distributor, etc. Penguin Book
Date of publication, distribution, etc. 1967
300 ## - PHYSICAL DESCRIPTION
Extent 201p
Other physical details 20cm
500 ## - GENERAL NOTE
General note Includes Index
650 ## - SUBJECT ADDED ENTRY--TOPICAL TERM
Topical term or geographic name entry element Problem of the world economy
700 ## - ADDED ENTRY--PERSONAL NAME
Personal name Bailey, Richard
942 ## - ADDED ENTRY ELEMENTS (KOHA)
Koha item type Books
Holdings
Withdrawn status Lost status Damaged status Not for loan Home library Current library Shelving location Date acquired Total Checkouts Full call number Barcode Date last seen Price effective from Koha item type
Withdrawn       IFM Main Campus Library IFM Main Campus Library Archival Collection 12/02/2015   330 BAI 0000009052 12/02/2015 02/19/2022 Books